Tunnista liput (VAIKEA) - Statistics

Yleistilastot
  • Tätä visaa on pelattu 164 kertaa
  • Keskiarvotulos 11 / 16
Vastaustilastot
Kuvavisa Vastaus % Oikein
Angola
91%
Bahrain
88%
Bhutan
87%
Brunei
78%
Dominica
75%
Kuwait
73%
Belize
72%
Fidzi
71%
Eritrea
69%
burkinafaso
67%
Burundi
67%
Antigua ja Barbuda
64%
Benin
62%
Gabon
61%
Guatemala
60%
Cookin saaret
22%
Ehtoja vastaavia visoja ei löytynyt
Tulosjakauma
Jokaisen tuloksen saaneiden osuus
Persentiili vastausten määrän mukaan
Tuloshistoriasi
Et ole pelannut tätä visaa